Fármacos de abuso : prevención, información farmacológica y manejo de intoxicaciones /
Con la finalidad de orientar y normar la actuación de todos los profesionales de la salud que atienden a personas con problemas de abuso de drogas, se presenta este manual que impulsa el Programa Nacional de Combate a los Problemas de Drogas. Se reconoce que el consumo de drogas y su abuso se han co...
Збережено в:
| Співавтори: | , |
|---|---|
| Формат: | Книга |
| Мова: | Іспанська |
| Опубліковано: |
México :
Centro Mexicano de Estudios en Farmacodependencia,
1976, c1976
|
| Предмети: | |
| Теги: |
Немає тегів, Будьте першим, хто поставить тег для цього запису!
|
MARC
| LEADER | 00000nam^a2200000^a^4500 | ||
|---|---|---|---|
| 001 | 000371181 | ||
| 005 | 20250521000000.0 | ||
| 009 | 20260310115924.416 | ||
| 025 | |a Donación Juan Diego Castillo, 1 ejemplar | ||
| 037 | |a Acervo ITESO - Biblioteca | ||
| 041 | |a ESP | ||
| 082 | |a 616. 86 |b MEX CEMEF | ||
| 110 | |a México. |b Centro Mexicano de Estudios en Farmacodependencia. | ||
| 245 | 1 | 0 | |a Fármacos de abuso : |b prevención, información farmacológica y manejo de intoxicaciones / |
| 264 | 4 | |a México : |b Centro Mexicano de Estudios en Farmacodependencia, |c 1976, c1976 | |
| 300 | |a 239 p. | ||
| 336 | |a texto |b txt |2 rdacontenido | ||
| 337 | |a sin mediación |b n |2 rdamedio | ||
| 338 | |a volumen |b nc |2 rdasoporte | ||
| 520 | |a Con la finalidad de orientar y normar la actuación de todos los profesionales de la salud que atienden a personas con problemas de abuso de drogas, se presenta este manual que impulsa el Programa Nacional de Combate a los Problemas de Drogas. Se reconoce que el consumo de drogas y su abuso se han convertido en parte integrante del sistema social, y se considera al individuo que consume drogas como un enfermo que necesita auxilio médico y de rehabilitación. | ||
| 649 | |a XX | ||
| 650 | |a Drogas - |x Efectos | ||
| 650 | |a Drogadicción | ||
| 650 | |a Drogas Ilegales - |x Efectos - |x Tema Principal | ||
| 650 | |a Drogas - |x Aspectos Sociales y Culturales | ||
| 650 | |a Drogadicción - |x Prevención - |x Tema Principal | ||
| 650 | |a Drogadicción - |x Rehabilitación - |x Tema Principal | ||
| 710 | |a México. |b Procuraduría General de la República | ||
| 910 | |a Fondo Castillo-Martínez | ||
| 920 | |a Impresos - Libros | ||
| 930 | |a Fondos Especiales | ||
| 905 | |a 127 | ||
| 901 | |a 0500265001 |b IT2 |c ESP |i D |u 20250521 | ||
| 902 | |a https://opac.biblio.iteso.mx/vufind/Record/000371181 | ||